Learning archaeology / (Record no. 51974)

MARC details
000 -LEADER
fixed length control field 00577nam a2200217Ia 4500
005 - DATE AND TIME OF LATEST TRANSACTION
control field 20260429112028.0
008 - FIXED-LENGTH DATA ELEMENTS--GENERAL INFORMATION
fixed length control field 260429s9999||||xx |||||||||||||| ||und||
020 ## - INTERNATIONAL STANDARD BOOK NUMBER
International Standard Book Number 9781032390628
041 ## - LANGUAGE CODE
Language English
082 ## - DEWEY DECIMAL CLASSIFICATION NUMBER
Classification number 930.1071
Item number PAT
100 ## - MAIN ENTRY--PERSONAL NAME
Personal name Patton, A. Katherine
245 #0 - TITLE STATEMENT
Title Learning archaeology /
Statement of responsibility, etc A. Katherine Patton
250 ## - EDITION STATEMENT
Edition statement 1st ed.
260 ## - PUBLICATION, DISTRIBUTION, ETC. (IMPRINT)
Place of publication, distribution, etc United Kingdom :
Name of publisher, distributor, etc Routledge,
Date of publication, distribution, etc 2026.
300 ## - PHYSICAL DESCRIPTION
Extent xxiv, 314 p.; pbk
650 ## - SUBJECT ADDED ENTRY--TOPICAL TERM
Topical term or geographic name as entry element Education
650 ## - SUBJECT ADDED ENTRY--TOPICAL TERM
Topical term or geographic name as entry element Archaeology
700 ## - ADDED ENTRY--PERSONAL NAME
Personal name Chazan, Michael
700 ## - ADDED ENTRY--PERSONAL NAME
Personal name Macdonald, Danielle A.
942 ## - ADDED ENTRY ELEMENTS (KOHA)
Koha item type Text Books
Holdings
Withdrawn status Lost status Damaged status Not for loan Collection code Home library Location Shelving location Date of Cataloging Source of acquisition Total Checkouts Full call number Barcode Date last seen Price effective from Koha item type
        Non-fiction CUTN Central Library CUTN Central Library History & Geography 29/04/2026 Overseas Press, New Delhi - Invoice No. IN32831 on 09-02-2026   930.1071 PAT 57017 29/04/2026 29/04/2026 Text Books